Search for laser lines in the XUV and soft X - ray spectral regions in some nickel - like ions / (رقم التسجيلة. 10084)
[ عرض عادي ]
| 000 -LEADER | |
|---|---|
| fixed length control field | 018420000a22003490004500 |
| 003 - CONTROL NUMBER IDENTIFIER | |
| control field | EG-GICUC |
| 005 - DATE AND TIME OF LATEST TRANSACTION | |
| control field | 20250223025314.0 |
| 008 - FIXED-LENGTH DATA ELEMENTS--GENERAL INFORMATION | |
| fixed length control field | 080603s2007 ua d f m 000 0 eng d |
| 040 ## - CATALOGING SOURCE | |
| Original cataloging agency | EG-GICUC |
| Language of cataloging | eng |
| Transcribing agency | EG-GICUC |
| 041 0# - LANGUAGE CODE | |
| Language code of text/sound track or separate title | eng |
| 049 ## - LOCAL HOLDINGS (OCLC) | |
| Holding library | Deposite |
| 097 ## - Thesis Degree | |
| Thesis Level | M.Sc |
| 099 ## - LOCAL FREE-TEXT CALL NUMBER (OCLC) | |
| Classification number | Cai01.24.12.M.Sc.2007.Ha.S |
| 100 0# - MAIN ENTRY--PERSONAL NAME | |
| Personal name | Hamed Mahmoud Hamed Ibrahim |
| 245 10 - TITLE STATEMENT | |
| Title | Search for laser lines in the XUV and soft X - ray spectral regions in some nickel - like ions / |
| Statement of responsibility, etc. | Hamed Mahmoud Hamed Ibrahim ; Supervised Mohy S.Mansour , Azza A.Farrag , Wessam Eldin S.Abdelaziz |
| 246 15 - VARYING FORM OF TITLE | |
| Title proper/short title | البحث عن خطوط الليزر فى المناطق الطيفية للأشعة فوق البنفسجية القصوى والاشعة السينية اللينة فى بعض الايونات شبيهة النيكل |
| 260 ## - PUBLICATION, DISTRIBUTION, ETC. | |
| Place of publication, distribution, etc. | Cairo : |
| Name of publisher, distributor, etc. | Hamed Mahmoud Hamed Ibrahim , |
| Date of publication, distribution, etc. | 2007 |
| 300 ## - PHYSICAL DESCRIPTION | |
| Extent | 117 P. : |
| Other physical details | charts ; |
| Dimensions | 30cm |
| 502 ## - DISSERTATION NOTE | |
| Dissertation note | Thesis (M.Sc.) - Cairo University - National Institute Of Laser Enhanced Sciences - Department Of Laser Sciences and Interactions |
| 520 ## - SUMMARY, ETC. | |
| Summary, etc. | Laser gain predieted for nickel - like (la , Gd , andTa) by a steady - state collisional radiative model is presented relativistic calculations are performed in order to obtain accurate multiconfiguration intermediate - coupling (IC) wavefunctions for the excited ststes of the nikel - lik (La29 - , Gd36+ , andTa45+ iobs) using COWAN codes (Cowan , 1981) |
| 530 ## - ADDITIONAL PHYSICAL FORM AVAILABLE NOTE | |
| Additional physical form available note | Issued also as CD |
| 653 #4 - INDEX TERM--UNCONTROLLED | |
| Uncontrolled term | Laser |
| 653 #4 - INDEX TERM--UNCONTROLLED | |
| Uncontrolled term | Nickel like |
| 653 #4 - INDEX TERM--UNCONTROLLED | |
| Uncontrolled term | Relativistic |
| 700 0# - ADDED ENTRY--PERSONAL NAME | |
| Personal name | Azza Abdelhakem Farrag , |
| Relator term | |
| 700 0# - ADDED ENTRY--PERSONAL NAME | |
| Personal name | Mohy Saad Mansour , |
| Relator term | |
| 700 0# - ADDED ENTRY--PERSONAL NAME | |
| Personal name | Wessam Eldin Salah Elrin Abdelaziz , |
| Relator term | |
| 856 ## - ELECTRONIC LOCATION AND ACCESS | |
| Uniform Resource Identifier | <a href="http://172.23.153.220/th.pdf">http://172.23.153.220/th.pdf</a> |
| 905 ## - LOCAL DATA ELEMENT E, LDE (RLIN) | |
| Cataloger | Nazla |
| Reviser | Revisor |
| 905 ## - LOCAL DATA ELEMENT E, LDE (RLIN) | |
| Cataloger | Soheir |
| Reviser | Cataloger |
| 942 ## - ADDED ENTRY ELEMENTS (KOHA) | |
| Source of classification or shelving scheme | Dewey Decimal Classification |
| Koha item type | Thesis |
| Source of classification or shelving scheme | Not for loan | Home library | Current library | Date acquired | Full call number | Barcode | Date last seen | Koha item type | Copy number |
|---|---|---|---|---|---|---|---|---|---|
| Dewey Decimal Classification | المكتبة المركزبة الجديدة - جامعة القاهرة | قاعة الرسائل الجامعية - الدور الاول | 11.02.2024 | Cai01.24.12.M.Sc.2007.Ha.S | 01010110049174000 | 22.09.2023 | Thesis | ||
| Dewey Decimal Classification | المكتبة المركزبة الجديدة - جامعة القاهرة | مخـــزن الرســائل الجـــامعية - البدروم | 11.02.2024 | Cai01.24.12.M.Sc.2007.Ha.S | 01020110049174000 | 22.09.2023 | CD - Rom | 49174.CD |